Biblioteca

The roots of religion (Registro nro. 63988)

Detalles MARC
000 -LÍDER
Campo fijo de descripción fija 02634cam a2200517 i 4500
001 - NÚMERO DE CONTROL
Campo de control 18148234
003 - IDENTIFICADOR DEL NÚMERO DE CONTROL
Campo de control CO-MdFUSB
005 - FECHA Y HORA DE LA ULTIMA TRANSACCIÓN
control field 20180622072748.0
008 - ELEMENTOS DE LONGITUD FIJA -- INFORMACIÓN GENERAL
Campo fijo de descripción fija -- Información general 140512t2014 enka f b 001 0 eng
010 ## - NÚMERO DE CONTROL DE LA BIBLIOTECA DEL CONGRESO
Número de control LC 2014013545
020 ## - NÚMERO INTERNACIONAL NORMALIZADO PARA LIBROS
Número Internacional Normalizado del libro 9781472427311 (hardcover : alk. paper)
020 ## - NÚMERO INTERNACIONAL NORMALIZADO PARA LIBROS
Cancelado / ISBN no válido 9781472427762 (ebook)
020 ## - NÚMERO INTERNACIONAL NORMALIZADO PARA LIBROS
Cancelado / ISBN no válido 9781472427779 (epub)
040 ## - FUENTE DE CATALOGACIÓN
Agencia de catalogación original DLC
Idioma de catalogación spa
Agencia que realiza la transcripción CO-MdFUSB
Convenciones de la descripción rda
Agencia que realiza la modificación CO-MdFUSB
041 ## - CÓDIGO DE IDIOMA
Código de idioma para texto/pista de sonido o título separado eng
042 ## - AUTHENTICATION CODE
Authentication code pcc
082 00 - NÚMERO DE CLASIFICACIÓN DECIMAL DEWEY
Número de la edición del Dewey 24
Número de clasificación G 200.19
Clave de autor-Numero de item R783r
245 14 - TÍTULO
Título del Material The roots of religion
Parte restante del título - Subtitulo : exploring the cognitive science of religion
Mención de responsabilidad, etc. / editado por Roger Trigg, Justin L. Barrett
264 #1 - PRODUCCIÓN, PUBLICACIÓN, DISTRIBUCIÓN, MANUFACTURA, Y COPYRIGHT
Lugar de producción, publicación, distribución, manufactura Farnham Surrey, England ;
Nombre del productor, publicador, distribuidor Ashgate,
Fecha de producción, publicación, distribución, manufactura, o copyright ℗[2014]
264 #4 - PRODUCCIÓN, PUBLICACIÓN, DISTRIBUCIÓN, MANUFACTURA, Y COPYRIGHT
Fecha de producción, publicación, distribución, manufactura, o copyright ©2014
300 ## - DESCRIPCIÓN FÍSICA
Extensión viii, 232 páginas
Dimensiones : 24 cm.
336 ## - TIPO DE CONTENIDO
Fuente rdacontent
Término de tipo de contenido
Código de tipo de contenido
337 ## - TIPO DE MEDIO
Fuente rdamedia
Nombre del tipo de medio
Código del tipo de medio
338 ## - TIPO DE SOPORTE
Fuente rdacarrier
Nombre del tipo de soporte
Código Tipo de soporte
490 0# - MENCIÓN DE SERIE
Mención de serie Ashgate science and religion series
501 ## - NOTA DE “CON”
Nota de Contenido Incluye índice (páginas: 225- 232)
505 ## - NOTA DE CONTENIDO
Nota de contenido con formato preestablecido Estudios cognitivos y evolutivos de la religión / Justin L. Barrett y Roger Trigg -- Intuición, detección de agencia y coordinación social como construcciones analíticas y explicativas en la ciencia cognitiva de la religión / Robert Audi -- ¿De quién son las intuiciones? ¿Qué dualismo? / Steven Horst -- Explicar la religión a diferentes niveles: del fundamentalismo al pluralismo / Aku Visala -- HADD, determinismo y epicureísmo: una investigación interdisciplinaria / Robin Attfield -- Comprensión de la persona hablar: ¿cuándo es apropiado pensar en términos de personas? / Graham Wood -- El conocimiento y la objeción a la creencia religiosa de la ciencia cognitiva / Kelly James Clark y Dani Rabinowitz -- Evaluación de la tercera vía / Jason Marsh --<br/> Ciencia cognitiva de la religión y la racionalidad del teísmo clásico / T.J. Mawson -- Ciencia cognitiva y los límites de la teología / John Teehan -- Algunas reflexiones sobre la ciencia cognitiva, la duda y la creencia religiosa / Joshua C. Thurow --<br/> Naturaleza humana y libertad religiosa / Roger Trigg
650 #7 - ASIENTO SECUNDARIO DE MATERIA - TERMINO TEMÁTICO
Término temático o nombre geográfico como elemento de entrada Psicología y religión
9 (RLIN) 229
653 ## - TÉRMINO DE INDIZACIÓN - NO CONTROLADO
Término no controlado Ciencia cognitiva
700 1# - ASIENTO SECUNDARIO - NOMBRE PERSONAL
Nombre personal Trigg, Roger,
Responsabilidad editor.
700 1# - ASIENTO SECUNDARIO - NOMBRE PERSONAL
Nombre personal Barrett, Justin L.,
Fechas asociadas con el nombre 1971-
Responsabilidad editor.
720 ## - ASIENTO SECUNDARIO - NOMBRE NO CONTROLADO
Nombre Attfield, Robin
720 ## - ASIENTO SECUNDARIO - NOMBRE NO CONTROLADO
Nombre Audi, Robert
720 ## - ASIENTO SECUNDARIO - NOMBRE NO CONTROLADO
Nombre Clark, Kelly James
720 ## - ASIENTO SECUNDARIO - NOMBRE NO CONTROLADO
Nombre Horst, Steven
720 ## - ASIENTO SECUNDARIO - NOMBRE NO CONTROLADO
Nombre Marsh, Jason
720 ## - ASIENTO SECUNDARIO - NOMBRE NO CONTROLADO
Nombre Mawson, T.J.
720 ## - ASIENTO SECUNDARIO - NOMBRE NO CONTROLADO
Nombre Rabinowitz, Dani
720 ## - ASIENTO SECUNDARIO - NOMBRE NO CONTROLADO
Nombre Teehan, John
720 ## - ASIENTO SECUNDARIO - NOMBRE NO CONTROLADO
Nombre Thurow, Joshua C.
720 ## - ASIENTO SECUNDARIO - NOMBRE NO CONTROLADO
Nombre Visala, Aku
720 ## - ASIENTO SECUNDARIO - NOMBRE NO CONTROLADO
Nombre Wood, Graham
942 ## - TIPO DE MATERIAL (KOHA)
Tipo de Item KOHA Libros General
Existencias
Estado de Material Estado de Perdido Forma de Clasificación Estado de Dañado No para Préstamo Colección Biblioteca de Origen Biblioteca Permanente Fecha de Adquisición Total de Préstamos Signatura Topográfica Código de Barras Última vez visto Última vez Préstado Ejemplar/Existencia Fecha de Remplazo Tipo de Material
    Dewey Decimal Classification     Colección General Biblioteca FUSBC Biblioteca FUSBC 18/08/2017 1 G 200.19 R783r 22977 13/12/2019 16/03/2018 Ej. 1 18/08/2017 Libros General

Biblioteca FUSBC | Teléfono: (57+4) 349 88 10 Ext. 141| WhatsApp (+57) 3005338115 
E-mail: biblioteca@unisbc.edu.co | Calle 76 87-14 Robledo Palenque, Medellín, Colombia

Con tecnología Koha